00658nam a2200241 a 4500001001300000003000900013005001700022008004100039020000800080082001300088100001900101245003500120260004600155300000900201500003500210505001000245650001100255700001900266902000800285942000700293952010300300999001300403nice12345678IN_TiNIC20260116011340.0050524s1953 cama grp 000 0 eng  ac000a170bGAR aGarvin, Lucius aModern Introduction to Ethics. aCambridgebHoughton Mifflin Companyc1953 a572p aincludes index and biblioraphy2 aIndex aEthics1 aGarvin, Lucius bSRS cBK 00104070aHMIbHMId2005-05-24g0.00l2o170 GARp02211r2018-07-31s2018-07-24w2026-01-16yEB c735d735